LEADER 01462nam a2200301 u 4500 001 000000013732 003 CaOOAMICUS 005 20070226105701.0 008 940517m19151924gw u000 u lat u 035 $a10326591 040 $aPUL(R)$bita 100 1 $aOvidius Naso, Publius,$d43 a.C.-17/18 d. C.$0(OLS)http://pul/name/4714 245 10$aP. Ovidius Naso.. 260 $aLipsiae :$bin aedibus B.G. Teubneri,$c1915-1924. 300 $a3 v. in 4 ;$c18 cm 490 1 $aBibliotheca scriptorum Graecorum et Romanorum Teubneriana 500 $aV. I lacking$5AAR. 505 0 $av. II: Metamorphoses ... ed. R. Ehwald; ed. maior ... - v. III-1: Tristium libri bis ex Ponto libri IV, ed. R. Ehwald et Fridericus Waltharius Levy. - v. III-2: Fastorum libri VI Fragmenta, ed. R. Ehwald et Fr. W. Levy. 700 1 $aLevy, Friedrich Walther.$0(OLS)http://pul/name/12872 700 1 $aEhwald, Rudolf,$d1847-1927.$0(OLS)http://pul/name/4722 830 0$aBibliotheca scriptorum Graecorum et Romanorum Teubneriana.$0(OLS)http://pul/title/1299 850 $aPUL 852 $aPUL$W1$xDP1 Fondo Ciprotti$y59$m1546 B 1$j19309$nBK-PRI$b $qFondi$B19309$CPULBib$Z2$F19309 $H $81 900 $aOvidio Nasone, Publio,$d43 a.C.-17/18 d.C.$94714 941 1 $a1 961 $aINV: F.CIPROTTI 996 $6245$aP. Ovidius Naso..$9(OLS)http://pul/title/19785 996 $6260$aLipsiae :$bin aedibus B.G. Teubneri$9(OLS)http://pul/publisher/48009 LEADER 01319nam a2200325 a 4500 001 000000125638 003 CaOOAMICUS 005 20110610101938.0 008 110610s2010 it u000 u ita r 020 $a978-88-7180-913-7 040 $aPUL$bita 041 1 $aita$hfre 082 04$a225.6 100 1 $aManns, Frédéric,$cO.F.M.,$d1942-$0(OLS)http://pul/name/2962 240 10$aVoici l'Homme.$lItaliano.$0(OLS)http://pul/title/158430 245 10$aEcce homo :$buna lettura ebraica dei Vangeli /$cFrédéric Manns. 260 $aTorino :$bLindau,$c©2011. 300 $a346 p. ;$c21 cm. 490 1 $aI Pellicani 504 $aInclude riferimenti bibliografici ed indice. 630 04$aBiblia.$pN.T.$xCritica e interpretazione.$0(OLS)http://pul/subject/1926 830 2$aI Pellicani (Lindau).$0(OLS)http://pul/title/136966 850 $aPUL 852 $aPUL$W1$xSL Religione 3$y85$m225. 6 MANFR 1$j144726$qDDC 21$B143740$CPULBib$Z2$F143740 $H117197 $82 941 1 $a9 996 $6020$a978-88-7180-913-7$9(OLS)http://pul/number/147436 996 $6082$a225.6$9(OLS)http://pul/classification/1734 996 $6245$aEcce homo :$buna lettura ebraica dei Vangeli$9(OLS)http://pul/title/158432 996 $6260$aTorino :$bLindau$9(OLS)http://pul/publisher/70945